Using competitive benchmarking to set goals.
Proces zisťovania výšky úrovne dosiahnutej konkurenciou je nepretržitou činnosťou na porovnávanie výsledkov vlastného podniku v kritických požiadavkach zákazníka s najlepšími podnikmi v odbore (priami konkurenti), alebo kategórii (firmy plniace určité funkcie význačným spôsobom). Ilustruje stupeň us...
Salvato in:
| Autore principale: | |
|---|---|
| Natura: | Capitolo di libro |
| Lingua: | inglese |
| Soggetti: | |
| Tags: |
Nessun Tag, puoi essere il primo ad aggiungerne!!
|
MARC
| LEADER | 00000naa a2200000 4500 | ||
|---|---|---|---|
| 001 | r011216 | ||
| 005 | 20220913122636.3 | ||
| 041 | 0 | |a eng | |
| 044 | |a US | ||
| 245 | 1 | 0 | |a Using competitive benchmarking to set goals. |c H.K. Vaziri |
| 520 | |a Proces zisťovania výšky úrovne dosiahnutej konkurenciou je nepretržitou činnosťou na porovnávanie výsledkov vlastného podniku v kritických požiadavkach zákazníka s najlepšími podnikmi v odbore (priami konkurenti), alebo kategórii (firmy plniace určité funkcie význačným spôsobom). Ilustruje stupeň uspokojenia požiadaviek vnútorných a vonkajších zákazníkov a je silne viazaný na inováciu, ktorú aj stimuluje. Podrobný popis postupu vo väzbe na plánovanie podniku. Výpočet úrovne. | ||
| 610 | 2 | 0 | |a konkurencia |
| 610 | 2 | 0 | |a porovnanie medzipodnikové |
| 610 | 2 | 0 | |a zákazníci |
| 610 | 2 | 0 | |a inovácia |
| 610 | 2 | 0 | |a plánovanie podnikové |
| 610 | 2 | 0 | |a USA |
| 610 | 2 | 0 | |a benchmarking |
| 100 | 1 | |a Vaziri, H.K. | |